ナンバープレートの地名(地図付き、2025-) - Statistics

General Stats
  • This quiz has been taken 1,462 times
  • The average score is 109 of 138
Answers on the Map
Answers color-coded by a green-red scale on the quiz's map according to % correct below.
 
Answer Stats
地域 % Correct
札幌さっぽろ
95%
青森あおもり
95%
秋田あきた
95%
新潟にいがた
95%
岩手いわて
94%
福島ふくしま
94%
千葉ちば
94%
長野ながの
94%
富山とやま
94%
奈良なら
94%
佐賀さが
94%
函館はこだて
93%
仙台せんだい
93%
山形やまがた
93%
静岡しずおか
93%
岐阜ぎふ
93%
水戸みと
92%
横浜よこはま
92%
伊豆いず
92%
群馬ぐんま
91%
山梨やまなし
91%
福井ふくい
91%
盛岡もりおか
90%
宮城みやぎ
90%
宇都宮うつのみや
90%
金沢かなざわ
90%
名古屋なごや
90%
浜松はままつ
90%
三重みえ
90%
京都きょうと
90%
滋賀しが
90%
和歌山わかやま
90%
釧路くしろ
89%
大阪おおさか
89%
神戸こうべ
89%
鳥取とっとり
89%
岡山おかやま
89%
とちぎ
88%
松本まつもと
88%
広島ひろしま
88%
島根しまね
88%
山口やまぐち
88%
八戸はちのへ
87%
前橋まえばし
87%
石川いしかわ
87%
徳島とくしま
87%
愛媛えひめ
87%
高知こうち
87%
いわき
86%
旭川あさひかわ
86%
大分おおいた
86%
香川かがわ
85%
福岡ふくおか
85%
長崎ながさき
85%
熊本くまもと
85%
宮崎みやざき
85%
鹿児島かごしま
85%
高崎たかさき
84%
下関しものせき
84%
豊田とよた
83%
飛騨ひだ
83%
弘前ひろさき
82%
品川しながわ
82%
川崎かわさき
82%
富士山ふじさん
82%
上越じょうえつ
82%
さかい
82%
北九州きたきゅうしゅう
82%
沖縄おきなわ
82%
会津あいづ
81%
郡山こおりやま
81%
豊橋とよはし
81%
姫路ひめじ
81%
高松たかまつ
81%
苫小牧とまこまい
80%
日光にっこう
80%
八王子はちおうじ
80%
相模さがみ
80%
つくば
79%
四日市よっかいち
79%
室蘭むろらん
78%
帯広おびひろ
78%
大宮おおみや
78%
出雲いずも
78%
倉敷くらしき
78%
那須なす
77%
多摩たま
77%
長岡ながおか
77%
知床しれとこ
76%
北見きたみ
76%
船橋ふなばし
75%
佐世保させぼ
75%
なにわ
74%
十勝とかち
74%
世田谷せたがや
74%
湘南しょうなん
74%
福山ふくやま
74%
庄内しょうない
72%
伊勢志摩いせしま
72%
足立あだち
71%
江戸川えどがわ
71%
練馬ねりま
71%
岡崎おかざき
71%
かしわ
70%
和泉いずみ
70%
土浦つちうら
69%
市川いちかわ
69%
川口かわぐち
69%
川越かわごえ
69%
尾張小牧おわりこまき
69%
久留米くるめ
69%
成田なりた
68%
熊谷くまがや
68%
白河しらかわ
67%
野田のだ
67%
春日部かすかべ
67%
所沢ところざわ
67%
江東こうとう
67%
沼津ぬまづ
67%
奄美あまみ
67%
市原いちはら
66%
鈴鹿すずか
65%
葛飾かつしか
64%
松戸まつど
63%
諏訪すわ
63%
一宮いちのみや
63%
三河みかわ
62%
平泉ひらいずみ
61%
杉並すぎなみ
61%
習志野ならしの
60%
越谷こしがや
60%
板橋いたばし
59%
袖ヶ浦そでがうら
57%
春日井かすがい
56%
飛鳥あすか
56%
筑豊ちくほう
51%
安曇野あづみの
38%
南信州みなみしんしゅう
25%
No matching quizzes found
Score Distribution
Percent of People with Each Score
Percentile by Number Answered
Your Score History
You have not taken this quiz